|
|
|
|
| LEADER |
00000nab a2200000 a 4500 |
| 001 |
vtls000821175 |
| 003 |
SK-MaSNL |
| 005 |
20260304035430.0 |
| 008 |
140301c2002 xo 0 slo |
| 015 |
|
|
|a SNBRB2003/01-01281
|
| 035 |
|
|
|a CLN000172830
|
| 040 |
|
|
|a SNKBUCL
|b slo
|c SNKBUCL
|e AACR2
|
| 041 |
0 |
|
|a slo
|
| 044 |
|
|
|a xo
|c SK
|
| 080 |
|
|
|a 339.96(4:437.6):504.4.06
|2 1997
|
| 080 |
|
|
|a 504.4.06(437.6)
|2 1997
|
| 080 |
|
|
|a 628.1/.3(437.6)
|2 1997
|
| 100 |
1 |
|
|a Hudec, Marián
|4 aut
|9 499189
|
| 245 |
1 |
0 |
|a Zlepší sa situácia v zásobovaní pitnou vodou
|b riadiaci výbor Európskej komisie pre program ISPA schválil Slovensku päť vodohospodárskych projektov
|c Marián Hudec
|
| 300 |
|
|
|b Fotogr.
|
| 610 |
|
7 |
|a ISPA (program)
|2 snkbucl
|9 28720
|
| 610 |
|
7 |
|a Európska únia
|2 snkbucl
|9 29861
|
| 650 |
0 |
7 |
|a vodné hospodárstvo
|2 snkbucl
|9 759
|
| 655 |
|
7 |
|a články z novín a časopisov
|2 snkbucl
|9 267496
|
| 773 |
0 |
|
|t Hospodárske noviny
|g Roč. 10, č. 236 (6.-8.12.2002), s. 3
|x 1335-4701
|
| 850 |
|
|
|a Slovenská národná knižnica v Martine
|
| 852 |
|
|
|a SNK
|b KIS3GCP
|
| 958 |
|
|
|a SK
|
| 992 |
|
|
|a RBX
|
| 999 |
|
|
|c 2658142
|d 2660072
|